000 00833nam a2200217Ii 4500
003 JO-AjNU
008 230605s9999||||xx |||||||||||||| ||und||
017 _a2008/2/407
040 _aJO-AjNU
_bara
_erda
_cJO-AjNU
041 _aara
050 1 4 _aQA76.9.D26.H35 2008
100 3 _aالحمامي، علاء حسين ؛ م.مشارك سعد عبد العزيز العاني,
_eauthor
_957139
245 0 0 _aمفاهيم وتطبيقات تكنولوجيا قواعد البيانات = Concepts and Applications of Data Bases Technology
250 _aط1
264 3 1 _aعمان: دار اثراء للنشر والتوزيع، 2008
300 _a544ص
336 _atext
_btxt
_2rdacontent
337 _aunmediated
_bn
_2rdamedia
338 _avolume
_bnc
_2rdacarrier
650 4 _aقواعد البيانات- حاسوب
_957140
999 _aA25587
_c29155
_d29155